Veľkosklad ovocia a zeleniny
Salvato in:
| Autore principale: | |
|---|---|
| Altri autori: | |
| Natura: | Manoscritto Libro |
| Lingua: | slovacco |
| Pubblicazione: |
2015
|
| Soggetti: | |
| Accesso online: | http://is.stuba.sk/zp/portal_zp.pl?podrobnosti=109794 https://opac.crzp.sk/?fn=detailBiblioForm&sid=A1BE4CBC10A6410E28D6768DE444 |
| Tags: |
Nessun Tag, puoi essere il primo ad aggiungerne!!
|
MARC
| LEADER | 00000ntm a22000003a 4500 | ||
|---|---|---|---|
| 001 | stuzp51043 | ||
| 003 | SK-STU | ||
| 005 | 20231109111347.7 | ||
| 007 | ta | ||
| 008 | 150427s2015----xo-----f-mn---000-0-slo-d | ||
| 040 | |a STU |b slo | ||
| 041 | 0 | |a slo | |
| 100 | 1 | |a Roman, Daniel |u 010180 |4 aut |U SvF Stavebná fakulta |T SvF Katedra konštrukcií pozemných stavieb |X 67581 |U V180 |Y 18 |7 A000067581 | |
| 242 | 0 | 1 | |a Warehouse for fruits and vegetables |y eng |
| 245 | 1 | 0 | |a Veľkosklad ovocia a zeleniny |
| 260 | |c 2015 | ||
| 650 | 4 | |a sklad |2 slo | |
| 650 | 4 | |a prefabrikovaný nosný systém |2 slo | |
| 650 | 4 | |a halový objekt |2 slo | |
| 650 | 4 | |a warehouse |2 eng | |
| 650 | 4 | |a precast construction system |2 eng | |
| 650 | 4 | |a hall |2 eng | |
| 700 | 1 | |a Jamnický, Martin |4 ths |X 4052 |7 A000004052 | |
| 856 | 4 | |u http://is.stuba.sk/zp/portal_zp.pl?podrobnosti=109794 | |
| 856 | 4 | |u https://opac.crzp.sk/?fn=detailBiblioForm&sid=A1BE4CBC10A6410E28D6768DE444 | |
| SQL | |a stuzp51043 |b DDP |c SLO |d Veľkosklad ovocia a zeleniny |e 67581 |f Roman, Daniel |g 010180 |h 4052 |i Jamnický, Martin |j 20150618 |k 8 |l 01 |m http://is.stuba.sk/zp/portal_zp.pl?podrobnosti=109794 |n I-AKP |o 5.1.4. pozemné stavby | ||